000 01746nam0a2200325 4500
001 RU\NLR\BIBL_A\011766252
005 20190218130841.0
010 _a978-5-8038-1256-2
_9500
021 _aRU
_bКН-П-18-049689
_9КН-П-18-3584
035 _a(NLR Aleph) 011766252
035 _a(RuMoRGB)009681986
090 _a11703189
_c11703189
100 _a20180809d2018 k y0rusy50 ca
101 0 _arus
102 _aRU
105 _aa|||z|||000zy
200 1 _aПоверхностное деформирование в стесненных условиях
_eмонография
_fС.А. Зайдес, К.К. Нго
_gМинистерство образования и науки РФ, Иркутский национальный исследовательский технический университет
210 _aИркутск
_cИзд-во Иркутского национального исследовательского технического университета
_d2018
215 _a235 с.
_cил., табл.
_d22
300 _aНа обороте тит. л. 1-й авт.: д.т.н., проф. С.А. Зайдес
320 _aБиблиогр. в конце гл.
606 _aДетали машин цилиндрические
_xОбработка
_xПоверхностного пластического деформирования метод
_2nlr_sh2
_3RU\NLR\AUTH\6601649547
686 1 _aК653.001.31
700 1 _aЗайдес
_bС. А.
_f1947-
_gСемен Азикович
_3RU\NLR\AUTH\770139745
701 1 _aНго Као Кыонг
_3RU\NLR\AUTH\770195070
942 _cBOOK
980 _aNBR
980 _aNB